Synthetic membranes : based on the 20th anniversary symposium honoring Drs. Loeb and Sourirajan /

Bibliographic Details
Corporate Author: American Chemical Society. Cellulose, Paper, and Textile Division
Other Authors: Loeb, Sidney, Sourirajan, S., Turbak, Albin F., 1929-
Format: Book
Language:English
Published: Washington, D.C. : American Chemical Society, 1981.
Series:ACS symposium series ; 153-154.
Subjects:

MARC

Tag First Indicator Second Indicator Subfields
LEADER 00000pam a2200000 a 4500
001 in00000637607
005 20151015052958.0
008 810219s1981 dcua b 10100 eng
010 |a  81001259  
020 |a 0841206252 (set) 
020 |a 0841206228 (v. 1) 
020 |a 0841206236 (v. 2) 
035 |a (OCoLC)07283700 
035 |9 ACU3688AM 
039 0 |a 2  |b 3  |c 3  |d 3  |e 3 
040 |a DLC  |c DLC  |d TXA  |d UtOrBLW 
049 |a TXAM  |c 1  |v 1 [1560488]  |v 2 [1560489]  |c 2  |v 1 [275350]  |v 2 [275351] 
050 0 0 |a TP159.M4  |b S95 
082 0 |a 660.2/8424  |2 19 
245 0 0 |a Synthetic membranes :  |b based on the 20th anniversary symposium honoring Drs. Loeb and Sourirajan /  |c sponsored by the Cellulose, Paper, and Textile Division at the second Chemical Congress of the North American Continent, Las Vegas, Nevada, August 25-29, 1980 ; Albin F. Turbak, editor. 
264 1 |a Washington, D.C. :  |b American Chemical Society,  |c 1981. 
300 |a 2 volumes :  |b illustrations ;  |c 24 cm. 
336 |a text  |b txt  |2 rdacontent 
337 |a unmediated  |b n  |2 rdamedia 
338 |a volume  |b nc  |2 rdacarrier 
490 1 |a ACS symposium series,  |x 0097-6156 ;  |v 153-154 
504 |a Includes bibliographical references and indexes. 
505 0 |a v. 1. Desalination -- v. 2. Hyper- and ultrafiltration uses. 
650 0 |a Membranes (Technology)  |v Congresses. 
700 1 |a Loeb, Sidney. 
700 1 |a Sourirajan, S. 
700 1 |a Turbak, Albin F.,  |d 1929- 
710 2 |a American Chemical Society.  |b Cellulose, Paper, and Textile Division. 
830 0 |a ACS symposium series ;  |v 153-154. 
999 |a MARS 
999 f f |s da464d2b-4e3c-3c97-9469-2c820ff8de2c  |i 61cbb988-7a16-362b-9ffe-9b1567231aaf  |t 0 
952 f f |p normal  |a Texas A&M University  |b College Station  |c Sterling C. Evans Library  |d Evans: Library Stacks  |t 0  |e TP159.M4 S95  |h Library of Congress classification  |i unmediated -- volume  |k v.2  |m A14805600933 
952 f f |p normal  |a Texas A&M University  |b College Station  |c Sterling C. Evans Library  |d Evans: Library Stacks  |t 0  |e TP159.M4 S95  |h Library of Congress classification  |i unmediated -- volume  |k v.1  |m A14808908209 
998 f f |a TP159.M4 S95  |s v.1-v.2  |t 0  |l Evans: Library Stacks